000 00832nam a2200217 a 4500
001 000015112
005 20200929163947.0
008 100201s2003 dr 001 0 spa d
040 _aDO-SdBNP
_bspa
_cBNPHU
082 _a338.82
_bL864o
100 1 _aLópez Reyes, Oscar
_9750
245 1 4 _aLos oligopolios en la comunicación :
_bimpacto sobre la democracia y el derecho a la información /
_cOscar López Reyes ; prólogo Juan Manuel García.
260 _aSanto Domingo :
_bBanco Central,
_c2003.
300 _a136 p. :
_bil. ;
_c24 cm.
500 _aIncluye datos biográficos del autor en la solapa
504 _aIncluye bibliografía (p. 131 -136)
650 4 _aOligopolios
_zRepública Dominicana
_934207
650 4 _aComunicación en los negocios
_934208
700 1 _aGarcía, Juan Manuel
_epról.
_921032
049 _aBNPD
999 _c14684
_d14684